El arte romanico en espa¥a. (folleto) /

Guardado en:
Formato: Libro
Publicado: Espa¤a : , 0
Materias:
Fc
Etiquetas: Agregar Etiqueta
Sin Etiquetas, Sea el primero en etiquetar este registro!
LEADER 00427nam a22001575a 4500
001 CEM.cems010196
005 20060214000000.0
008 130507b######################000#0#####d
003 CEMS
082 0 4 |a F709 
245 0 0 |a El arte romanico en espa¥a. (folleto) / 
260 |a Espa¤a :  |b , 0 
653 |a Arte-espa¥a 
653 |a El arte romanico en espa¥a 
653 |a Fc 
859 |a CEMS  |b BIB. CEMS - 11 de abril  |h F709  |i 27  |p 1664.44  |t Ej.1